La ideología alemana : (Registro nro. 243724)

Detalles MARC
000 -LEADER
fixed length control field 02209nam a2200529Ii 4500
001 - CONTROL NUMBER
control field DIGAKAL0206
003 - CONTROL NUMBER IDENTIFIER
control field NyNyDIG
008 - FIXED-LENGTH DATA ELEMENTS--GENERAL INFORMATION
fixed length control field 160509t20152014sp ob 000 0 spa d
006 - FIXED-LENGTH DATA ELEMENTS--ADDITIONAL MATERIAL CHARACTERISTICS
fixed length control field m o d
007 - PHYSICAL DESCRIPTION FIXED FIELD--GENERAL INFORMATION
fixed length control field cr |||||||||||
035 ## - SYSTEM CONTROL NUMBER
System control number (OCoLC)949754299
040 ## - CATALOGING SOURCE
Original cataloging agency DGITA
Language of cataloging eng
Description conventions rda
-- pn
Transcribing agency DGITA
020 ## - INTERNATIONAL STANDARD BOOK NUMBER
International Standard Book Number 9788446039976
Qualifying information (eBook ;
-- ePub)
020 ## - INTERNATIONAL STANDARD BOOK NUMBER
International Standard Book Number 8446039974
Qualifying information (eBook ;
-- ePub)
020 ## - INTERNATIONAL STANDARD BOOK NUMBER
Canceled/invalid ISBN 9788446039969
020 ## - INTERNATIONAL STANDARD BOOK NUMBER
Canceled/invalid ISBN 8446039966
041 1# - LANGUAGE CODE
Language code of text/sound track or separate title spa
Language code of original ger
050 14 - LIBRARY OF CONGRESS CALL NUMBER
Classification number HX273 ebook
082 04 - DEWEY DECIMAL CLASSIFICATION NUMBER
Classification number 335.411
Edition number 23
100 1# - MAIN ENTRY--PERSONAL NAME
Personal name Marx, Karl,
Dates associated with a name 1818-1883,
Relator term author.
240 10 - UNIFORM TITLE
Uniform title Deutsche Ideologie.
Language of a work Spanish
245 13 - TITLE STATEMENT
Title La ideología alemana :
Remainder of title crítica de la novísima filosofía alemana en las personas de sus representantes Feuerbach, B. Bauer y Stirner, y del socialismo alemán en las de sus diferentes profetas /
Statement of responsibility, etc. Kark Marx y Friedrich Engels ; traducción, Wenceslao Roces.
264 #1 - PRODUCTION, PUBLICATION, DISTRIBUTION, MANUFACTURE, AND COPYRIGHT NOTICE
Place of production, publication, distribution, manufacture Tres Cantos, Madrid, España :
Name of producer, publisher, distributor, manufacturer Ediciones Akal, S.A.,
Date of production, publication, distribution, manufacture, or copyright notice [2015]
264 #4 - PRODUCTION, PUBLICATION, DISTRIBUTION, MANUFACTURE, AND COPYRIGHT NOTICE
Date of production, publication, distribution, manufacture, or copyright notice ©2014
300 ## - PHYSICAL DESCRIPTION
Extent 1 online resource.
336 ## - CONTENT TYPE
Content type term text
Content type code txt
Source rdacontent
337 ## - MEDIA TYPE
Media type term computer
Media type code c
Source rdamedia
338 ## - CARRIER TYPE
Carrier type term online resource
Carrier type code cr
Source rdacarrier
490 1# - SERIES STATEMENT
Series statement Cuestiones de antagonismo ;
Volume/sequential designation 81.
Series statement Serie Clásicos
504 ## - BIBLIOGRAPHY, ETC. NOTE
Bibliography, etc. note Includes bibliographical references.
588 0# - SOURCE OF DESCRIPTION NOTE
Source of description note Online resource; title from ePub title page (Digitalia, viewed May 13, 2016)
600 10 - SUBJECT ADDED ENTRY--PERSONAL NAME
Personal name Feuerbach, Ludwig,
Dates associated with a name 1804-1872.
650 #0 - SUBJECT ADDED ENTRY--TOPICAL TERM
Topical term or geographic name entry element Dialectical materialism.
650 #0 - SUBJECT ADDED ENTRY--TOPICAL TERM
Topical term or geographic name entry element Socialism.
655 #0 - INDEX TERM--GENRE/FORM
Genre/form data or focus term Electronic books.
700 1# - ADDED ENTRY--PERSONAL NAME
Personal name Engels, Friedrich,
Dates associated with a name 1820-1895,
Relator term author.
700 1# - ADDED ENTRY--PERSONAL NAME
Personal name Roces, Wenceslao,
Relator term translator.
700 12 - ADDED ENTRY--PERSONAL NAME
Relationship information Translation of:
Personal name Marx, Karl,
Dates associated with a name 1818-1883.
Title of a work Deutsche Ideologie.
791 2# -
-- Digitalia (Firm),
-- distributor.
793 0# -
-- Digitalia eBook Collection:
-- Akal
776 08 - ADDITIONAL PHYSICAL FORM ENTRY
Relationship information Print version:
Main entry heading Marx, Karl, 1818-1883.
Uniform title Deutsche Ideologie. Spanish.
Title Ideología alemana.
Place, publisher, and date of publication Tres Cantos, Madrid : Ediciones Akal, [2014]
International Standard Book Number 9788446039969
830 #0 - SERIES ADDED ENTRY--UNIFORM TITLE
Uniform title Cuestiones de antagonismo ;
Volume/sequential designation 81.
830 #0 - SERIES ADDED ENTRY--UNIFORM TITLE
Uniform title Cuestiones de antagonismo.
Name of part/section of a work Serie Clásicos.
856 40 - ELECTRONIC LOCATION AND ACCESS
Materials specified Digitalia Hispánica
Uniform Resource Identifier <a href="https://www.digitaliapublishing.com/a/37667/">https://www.digitaliapublishing.com/a/37667/</a>
910 ## - USER-OPTION DATA (OCLC)
User-option data Premium Collection: 2016
942 ## - ADDED ENTRY ELEMENTS (KOHA)
Koha item type Recurso Electrónico
Existencias
Withdrawn status Lost status Damaged status Not for loan Collection Home library Current library Date acquired Total checkouts Date last seen Price effective from Koha item type
        Digitalia Ebooks Hispanica Biblioteca Digital UIN Biblioteca Digital UIN 04/25/2025   04/25/2025 04/25/2025 Recurso Electrónico

CONTACTO


NOSOTROS


SITIOS DE INTERES

coordinacion.biblioteca.biblioteca@unienlinea.mx Misión, Visión y Objetivos Bases de datos
Directorio Bibliotecas Digitales y Repositorios
Normatividad Revistas y artículos
Convenios interbibliotecarios
Boletines



Hecho en México. Universidad Insurgentes (UIN). Todos los derechos reservados 2024. Esta página y sus contenidos pueden ser reproducidos con fines no lucrativos, siempre y cuando no se mutile, se cite la fuente completa y su dirección electrónicas. De otra forma requiere permiso previo por escrito de la institución




2024 Copyright Universidad Insurgentes | www.bibliouin.com.mx